| 000 | 00738nam a2200181Ia 4500 | ||
|---|---|---|---|
| 008 | 151202s9999||||xx |||||||||||||| ||und|| | ||
| 082 | _bPNVM-37442 | ||
| 100 | _aपोखरकर बा.र. | ||
| 245 | _aआत्मपरीक्षरातून लोकमान्यतेकडे. | ||
| 260 | _b"मॅजेस्टिक प्रकाशन,गिरगाव." | ||
| 260 | _c1988 | ||
| 300 | _a94 | ||
| 600 | _aपोखरकर बा.र. | ||
| 630 | _aआत्मपरीक्षरातून लोकमान्यतेकडे. | ||
| 700 | _aपोखरकर बा.र. | ||
| 730 | _aआत्मपरीक्षरातून लोकमान्यतेकडे. | ||
| 942 | _cBOOK | ||
| 999 |
_c1303394 _d1303391 |
||